Most Wickets in ODI Cricket by Country - Statistics

General Stats
  • This quiz has been taken 75 times
  • The average score is 30 of 52
Answer Stats
Hint # Wickets Games Years Avge. Econ. Answer % Correct
Pakistan 5 282 200 2000-2012 29.43 4.93 Zaheer Khan
94%
Afghanistan 1 174 96 2015- 19.91 4.25 Rashid Khan
90%
Australia 3 293 194 1993-2005 25.73 4.25 Shane Warne
90%
Australia 1 381 250 1993-2007 22.02 3.88 Glenn McGrath
84%
Australia 5 223 113 2010- 22.31 5.12 Mitchell Starc
84%
India 1 337 271 1990-2007 30.89 4.30 Anil Kumble
83%
Sri Lanka 1 534 350 1993-2011 23.08 3.93 Muttiah Muralitharan
83%
Pakistan 1 502 356 1984-2003 23.52 3.89 Wasim Akram
83%
Australia 2 380 221 2000-2012 23.36 4.76 Brett Lee
81%
India 5 253 225 1978-1994 27.45 3.71 Kapil Dev
81%
England 1 269 194 2002-2015 29.22 4.92 James Anderson
79%
England 4 178 121 2006-2016 30.13 5.26 Stuart Broad
78%
New Zealand 6 200 107 2012- 23.84 4.83 Trent Boult
76%
India 6 207 188 2009- 36.73 4.90 Ravindra Jadeja
73%
South Africa 5 196 125 2005-2019 25.95 4.87 Dale Steyn
71%
India 4 269 236 1998-2015 33.35 4.31 Harbhajan Singh
71%
Australia 4 239 153 2005-2015 25.26 4.83 Mitchell Johnson
70%
South Africa 1 393 303 1996-2008 24.50 3.67 Shaun Pollock
70%
Pakistan 2 416 262 1989-2003 23.84 4.68 Waqar Younis
70%
Sri Lanka 2 400 322 1994-2008 27.53 4.18 Chaminda Vaas
67%
New Zealand 3 214 157 2008- 33.60 5.47 Tim Southee
67%
New Zealand 1 305 295 1997-2015 31.71 4.12 Daniel Vettori
65%
Pakistan 3 395 398 1996-2015 34.51 4.62 Shahid Afridi
62%
West Indies 2 225 176 1988-2000 24.12 3.48 Curtly Ambrose
60%
South Africa 2 273 328 1996-2014 31.79 4.84 Jacques Kallis
60%
India 2 315 229 1991-2003 28.08 4.44 Javagal Srinath
60%
Bangladesh 1 313 243 2006- 29.20 4.44 Shakib Al Hasan
60%
South Africa 3 272 164 1991-2003 21.78 4.15 Alan Donald
59%
West Indies 1 227 205 1985-2000 30.47 3.83 Courtney Walsh
57%
Sri Lanka 3 338 226 2004-2019 28.87 5.35 Lasith Malinga
57%
England 3 185 128 2009- 32.71 5.66 Adil Rashid
54%
Pakistan 4 288 169 1995-2003 21.78 4.29 Saqlain Mushtaq
51%
Afghanistan 2 154 149 2009- 32.62 4/30 Mohammad Nabi
49%
England 5 169 141 1999-2009 24.38 4.39 Andrew Flintoff
48%
New Zealand 5 201 215 1991-2006 32.80 4.84 Chris Cairns
48%
South Africa 4 266 173 1998-2009 24.65 4.53 Makhaya Ntini
48%
England 6 165 116 2011- 30.23 5.45 Chris Woakes
46%
India 3 288 191 1998-2007 27.85 5.07 Ajit Agarkar
44%
Sri Lanka 4 323 445 1989-2011 36.75 4.75 Sanath Jayasuriya
38%
England 2 235 159 1994-2006 26.42 4,39 Darren Gough
37%
Bangladesh 2 270 220 2001-2020 32.93 4.88 Mashrafe Mortaza
35%
Afghanistan 3 93 68 2017- 26.87 4.20 Mujeeb Ur Rahman
32%
Bangladesh 4 158 96 2015- 24.81 5.08 Mustafizur Rahman
32%
West Indies 4 193 227 1987-2003 36.05 4.36 Carl Hooper
30%
Australia 6 203 138 1985-1996 24.71 4,03 Craig McDermott
30%
Pakistan 6 269 265 1996-2011 31.83 4.69 Abdul Razzaq
29%
West Indies 3 199 164 2004-2014 29.51 5.41 Dwayne Bravo
27%
New Zealand 4 203 250 1990-2004 37.50 4.28 Chris Harris
24%
New Zealand 2 240 170 2001-2015 27.02 4.72 Kyle Mills
22%
South Africa 6 192 171 1996-2004 29.95 4.70 Lance Klusener
22%
Bangladesh 3 207 153 2004-2014 29.29 4.56 Abdur Razzak
16%
Afghanistan 4 72 79 2011- 34.05 5.45 Gulbadin Naib
11%
No matching quizzes found
Score Distribution
Percent of People with Each Score
Percentile by Number Answered
Your Score History
You have not taken this quiz